00521cam a2200181ua 450000100040000000500170000400800390002102000180006004000090007808200080008724500730009525000090016826000410017730000230021865300230024165300540026470000210031834920260515113143.0110330n ii |||gr||||Z||||||eng a0-7069-9754-9 cMAIN a34112aPrinciples of International law and organization.cBy Hari Hara Das. a1st. aNew Delhi.:bVikash publishing.,995. aviii, 293 p.:5 cm. aPolitical science. aPrinciples of international law and organization.1 aDas, Hari Hara.,